000 00424pam a2200157a 44500
008 230515b1999 xxu||||| |||| 00| 0 eng d
020 _a81-239-0707-9
041 _aENGLISH
082 _a617.675
100 _aKARTHIKEYAN K.S.
245 _aGUIDEBOOK ON PRECLINICAL CONSERVATIVE DENTISTRY
250 _a1ST
260 _aNEW DELHI
_bCBS PUBLISHERS & DISTRIBUTORS
_c1999
300 _a325
650 _aOPERATIVE DENTISTRY
999 _c427100
_d427100